Principles for dealing with the changing world order : (Record no. 116547)

MARC details
000 -LEADER
campo de control de longitud fija 01071 a2200301 4500
003 - IDENTIFICADOR DE NÚMERO DE CONTROL
campo de control BJBSDDR
005 - FECHA Y HORA DE LA ÚLTIMA TRANSACCIÓN
campo de control 20230411090806.0
007 - CAMPO FIJO DE DESCRIPCIÓN FÍSICA--INFORMACIÓN GENERAL
campo de control de longitud fija ta
008 - DATOS DE LONGITUD FIJA--INFORMACIÓN GENERAL
campo de control de longitud fija 220808s2021 nyu||||| |||| 00| 0 eng d
020 ## - NÚMERO INTERNACIONAL ESTÁNDAR DEL LIBRO
Número Internacional Estándar del Libro 9781982160272
020 ## - NÚMERO INTERNACIONAL ESTÁNDAR DEL LIBRO
Número Internacional Estándar del Libro 1982160276
040 ## - FUENTE DE CATALOGACIÓN
Lengua de catalogación spa
Centro/agencia transcriptor BJBSDDR
041 ## - CÓDIGO DE IDIOMA
Código de lengua del texto/banda sonora o título independiente eng
050 14 - SIGNATURA TOPOGRÁFICA DE LA BIBLIOTECA DEL CONGRESO
Número de clasificación HD 78
Número de ítem D143p 2021
100 1# - ENTRADA PRINCIPAL--NOMBRE DE PERSONA
Nombre de persona Dalio, Ray
Forma completa/desarrollada del nombre (Raymond Thomas),
Fechas asociadas al nombre 1949‐
245 10 - MENCIÓN DEL TÍTULO
Título Principles for dealing with the changing world order :
Resto del título [Why nations succeed or fail] /
Mención de responsabilidad, etc. Ray Dalio
246 3# - FORMA VARIANTE DEL TITULO
Título propio/Titulo breve Changing world order
260 ## - PUBLICACIÓN, DISTRIBUCIÓN, ETC.
Lugar de publicación, distribución, etc. New York :
Nombre del editor, distribuidor, etc. Avid Reader Press,
Fecha de publicación, distribución, etc. 2021.
300 ## - DESCRIPCIÓN FÍSICA
Extensión 557 p.:
Otras características físicas ill.;
Dimensiones 24 cm
500 ## - NOTA GENERAL
Nota general Subtitulo tomado de la cubierta
520 ## - RESUMEN, ETC.
Sumario, etc. Examines history's most turbulent economic and political periods to reveal why the times ahead will likely be radically different from those in recent memory.
650 #4 - PUNTO DE ACCESO ADICIONAL DE MATERIA--TÉRMINO DE MATERIA
9 (RLIN) 2117
Término de materia o nombre geográfico como elemento de entrada Desarrollo económico
Subdivisión general Historia
650 #4 - PUNTO DE ACCESO ADICIONAL DE MATERIA--TÉRMINO DE MATERIA
9 (RLIN) 4323
Término de materia o nombre geográfico como elemento de entrada Política económica
Subdivisión general Historia
650 #4 - PUNTO DE ACCESO ADICIONAL DE MATERIA--TÉRMINO DE MATERIA
9 (RLIN) 3048
Término de materia o nombre geográfico como elemento de entrada Balance de poder
650 #4 - PUNTO DE ACCESO ADICIONAL DE MATERIA--TÉRMINO DE MATERIA
9 (RLIN) 28
Término de materia o nombre geográfico como elemento de entrada Historia económica
942 ## - ELEMENTOS DE ENTRADA SECUNDARIOS (KOHA)
Fuente del sistema de clasificación o colocación Clasificación de Library of Congress
Tipo de ítem Koha Libro
946 ## - PROCESAMIENTO DE INFORMACIÓN LOCAL (OCLC)
Iniciales del agente catalogador rmza
Holdings
Estatus retirado Estado de pérdida Estado de daño No para préstamo Colección Biblioteca de origen Biblioteca actual Ubicación en estantería Fecha de adquisición Signatura topográfica completa Código de barras Visto por última vez Copia número Tipo de ítem Koha
        Ciencias Sociales Biblioteca Juan Bosch Biblioteca Juan Bosch Ciencias Sociales (3er. Piso) 08/08/2022 HD 78 D143p 2021 00000162788 08/08/2022 1 Libro